[Event "ROM-ch U08"]
[Site "Calimanesti"]
[Date "2015.04.01"]
[Round "3"]
[White "Chiculita, Cristian"]
[Black "Ianitchi Culea, David Stefan"]
[Result "1-0"]
[WhiteElo "1100"]
[BlackElo "1006"]
[PlyCount "89"]
[EventDate "2015.03.30"]
[EventType "swiss"]
[EventRounds "9"]
[EventCountry "ROU"]
[SourceTitle "CBM 165 Extra"]
[Source "ChessBase"]
[SourceDate "2015.04.21"]
[SourceVersion "1"]
[SourceVersionDate "2015.04.21"]
[SourceQuality "1"]

1. e4 e6 2. d4 d5 3. e5 c5 4. c3 Nc6 5. Nf3 Bd7 6. Bd3 cxd4 7. cxd4 Nb4 8. Bc2 Qb6 9. 0-0 Nxc2 10. Qxc2 Rc8 11. Nc3 Bb4 12. Bd2 Ne7 13. a3 Bxc3 14. Bxc3 Nf5 15. Rfd1 0-0 16. Qd2 Ba4 17. Rdc1 Qa6 18. Bb4 Rxc1+ 19. Rxc1 Rd8 20. Qc3 Qc4 21. Qxc4 dxc4 22. Rxc4 Bb5 23. Rc5 a6 24. Rc7 Bc6 25. Ba5 Nxd4 26. Nxd4 Kf8 27. Rxf7+ Kxf7 28. Bxd8 Ke8 29. Nxc6 bxc6 30. Bb6 Kf7 31. f4 Kg6 32. Kf2 Kf5 33. Kf3 h6 34. g4+ Kg6 35. h4 Kh7 36. h5 g6 37. hxg6+ Kxg6 38. Ke4 h5 39. gxh5+ Kxh5 40. f5 exf5+ 41. Kxf5 Kh6 42. Kf6 Kh5 43. e6 Kg4 44. e7 Kf3 45. e8Q 1-0